01299nam0a22002411 4500001001100000005001700011021001900028035002600047100004100073101000800114102000700122105001800129200012400147210008800271215002300359327023100382464024800613700010600861702003200967801001800999801002201017852001801039rc\489783620260406074430.0 aRUb[61-11451] a(NLR Aleph) 008832584 a20130426d1961 |||y0rusy50 ca0 arus aRU aa z |||a|1 aЧетверо на Нижней ТунгускеeПовесть и рассказыf[Ил.: М.Е. Новиков] aЛенинградcСов. писатель. [Ленингр. отд-ние]d1961 a171 с.cил.d171 aСодерж.: Четверо на Нижней Тунгуске: (Повесть); Путешествие за сеном; Через год; Если не верить; Ключ от комнаты; Простые вещи 012001#$aЧетверо на Нижней Тунгуске$e(Повесть)$aПутешествие за сеном$aЧерез год$aЕсли не верить$aКлюч от комнаты$aПростые вещиtПростые вещи 1aТхоржевскийbС.С.f1927-2011gСергей Сергеевич3RU\NLR\AUTH\770147365 1aНовиковbМ.Е.4440 0aRUbNLRgpsbo 1aRUbELAR2rusmarc aNLRj61-2/602